000 00882nam a22002897a 4500
003 CHAP
005 20220329135302.0
008 971013s1986 r 00010 d
010 _a33786
011 _a34758
035 _a38874
040 _cCHAP
082 _a636.08
_bM45
100 0 0 _aMejía M., Mariano.
_974266
245 _aSistemas de producción de ganado en América Tropical
_b: bibliografía
260 _aCali, Col. :
_bCIAT,
_c1986
300 _a114 p
590 _aBATCH-UPD
_b10
_c20130110
_lUCH01
_h1225
590 _aBATCH-UPD
_b10
_c20130410
_lUCH01
_h0758
590 _aBATCH-UPD
_b10
_c20130914
_lUCH01
_h1457
590 _aCONVERSION
_b10
_c20130109
_lUCH01
_h1319
650 1 4 _aGanadería
_xBibliografía.
_944660
650 1 4 _aGanado
_xProducción.
_944945
901 _aBK
942 _cLIBRO
949 _a636.08 M45
_bBC
_cC
_d33724000616348
_eC
_h72641
_i38874
_si
999 _c33786
_d33786